25 Biggest Cities of India - Statistics

General Stats
  • This quiz has been taken 32 times
  • The average score is 14 of 25
Answer Stats
Population Answer % Correct
11,034,555 Delhi
100%
12,442,373 Mumbai
100%
4,496,694 Kolkata
97%
5,577,940 Ahmedabad
93%
8,443,675 Bangalore
93%
4,646,732 Chennai
93%
6,993,262 Hyderabad
93%
3,124,458 Pune
87%
2,817,105 Lucknow
83%
1,585,704 Agra
77%
3,046,163 Jaipur
77%
4,467,797 Surat
70%
1,798,218 Bhopal
63%
2,405,665 Nagpur
63%
1,964,086 Indore
57%
1,684,222 Patna
57%
2,765,348 Kanpur
53%
1,670,806 Vadodara
23%
1,486,053 Nashik
20%
1,728,128 Visakhapatnam
20%
1,648,643 Ghaziabad
10%
1,841,488 Thane
10%
1,414,050 Fadirabad
0%
1,618,879 Lhudinana
0%
1,727,692 Pimpri-Chinchwad
0%
No matching quizzes found
Score Distribution
Percent of People with Each Score
Percentile by Number Answered
Your Score History
You have not taken this quiz